000 00855nam a2200277Ia 4500
008
049 1 _aMAIN
090 _aHQ783
_bBAN
100 1 _aBandura, Albert.
245 1 0 _aSocial learning and personality development /
_c[by] Albert Bandura [and] Richard H. Walters.
260 _aNew York,
_bHolt, Rinehart and Winston
_c[1965, c1963]
300 _aix, 329 p. :
_bill., diagrs. ;
_c22 cm.
504 _aIncludes bibliographical references.
650 0 _aSocial learning.
650 0 _aChild development.
650 2 _aLearning.
650 2 _aPersonality Development.
650 2 _aBehavior.
650 2 _aChild Development.
700 1 _aWalters, Richard H.
907 _a.b10164698
_b02-05-12
_c03-06-05
003
005 20230123134016.0
040 _cNUST
942 _cBOOKS
_kHQ783
_mBAN
999 _c158432
_d158432